UBT Library

Introduction to the study and practice of law in a nutshell / (Record no. 39570)

000 -LEADER
fixed length control field 00714cam a2200241 a 4500
001 - CONTROL NUMBER
control field 13398230
005 - DATE AND TIME OF LATEST TRANSACTION
control field 20171228070657.0
008 - FIXED-LENGTH DATA ELEMENTS--GENERAL INFORMATION
fixed length control field 031107s2003 mnu 001 0 eng
010 ## - LIBRARY OF CONGRESS CONTROL NUMBER
LC control number 2003283173
020 ## - INTERNATIONAL STANDARD BOOK NUMBER
International Standard Book Number 031414644X
040 ## - CATALOGING SOURCE
Original cataloging agency DLC
Transcribing agency DLC
Modifying agency DLC
041 ## - LANGUAGE CODE
Language code of text/sound track or separate title eng
043 ## - GEOGRAPHIC AREA CODE
Geographic area code n-us---
080 ## - UNIVERSAL DECIMAL CLASSIFICATION NUMBER
Universal Decimal Classification number 340.071173 HEG
082 04 - DEWEY DECIMAL CLASSIFICATION NUMBER
Classification number 340.071173 HEG
Edition number 21
100 1# - Rafti
Rafti 14
101 ## - Shkurtesa
Shkurtesa JUR
245 10 - TITLE STATEMENT
Title Introduction to the study and practice of law in a nutshell /
Statement of responsibility, etc by Kenney Hegland.
246 18 - VARYING FORM OF TITLE
Title proper/short title Study and practice of law
906 ## - LOCAL DATA ELEMENT F, LDF (RLIN)
a 7
b cbc
c origcop
d 2
e ncip
f 20
g y-gencatlg
942 ## - ADDED ENTRY ELEMENTS (KOHA)
Source of classification or shelving scheme
Item type Books
Holdings
Withdrawn status Lost status Source of classification or shelving scheme Damaged status Not for loan Collection code Permanent location Current location Shelving location Date acquired Total Checkouts Full call number Barcode Date last seen Price effective from Koha item type
          Koleksioni i përgjithshem UBT - Lipjan UBT - Lipjan Koleksioni i përgjithshem 12/28/2017   340.071173 HEG 002-2994199 12/28/2017 12/28/2017 Books
UBT Library © 2015-2024. All rights reserved University Education for Business and Technology